000 00276nam a22001217a 4500
003 SGT
082 _a617.69
_bP13N
100 _aNAIR, K CHANDRASEKRAN
245 _aA PRIMER ON COMPLETE DENTURE PROSTHODORITICS
260 _aINDIA
_bAPH
_c2013
300 _a282
942 _2ddc
_cBK
999 _c14151
_d14151